Loading...
| Current Events | 1 | 10.00 | 100% | 0% | 0% |
| Fine Arts - Classical Music | 4 | 12.50 | 100% | 0% | 25% |
| Fine Arts - Other Fine Arts | 6 | 10.00 | 83% | 17% | 0% |
| Fine Arts - Painting and Sculpture | 5 | 8.00 | 80% | 0% | 0% |
| History - American History | 6 | 11.67 | 100% | 0% | 17% |
| History - European History | 3 | 16.67 | 100% | 33% | 33% |
| History - Other History | 5 | 14.00 | 80% | 60% | 0% |
| History - World History | 1 | 20.00 | 100% | 100% | 0% |
| Literature - American Literature | 4 | 10.00 | 100% | 0% | 0% |
| Literature - British Literature | 5 | 12.00 | 100% | 20% | 0% |
| Literature - European Literature | 1 | 10.00 | 100% | 0% | 0% |
| Literature - World Literature | 4 | 12.50 | 100% | 25% | 0% |
| Mythology | 4 | 12.50 | 100% | 25% | 0% |
| Philosophy | 3 | 16.67 | 100% | 33% | 33% |
| Pop Culture | 1 | 20.00 | 100% | 100% | 0% |
| Religion | 4 | 10.00 | 100% | 0% | 0% |
| Science - Biology | 6 | 6.67 | 67% | 0% | 0% |
| Science - Chemistry | 2 | 10.00 | 100% | 0% | 0% |
| Science - Other Science | 4 | 15.00 | 100% | 50% | 0% |
| Science - Physics | 6 | 18.33 | 100% | 67% | 17% |
| Social Science | 6 | 10.00 | 50% | 50% | 0% |